书目信息 |
| 题名: |
玛丽亚
|
|
| 作者: | 伊萨克斯 , Isaacs 著 ;朱景冬 , 沈根发 译 | |
| 分册: | ||
| 出版信息: | 北京 人民文学出版社 1985 |
|
| 页数: | 315页 | |
| 开本: | 20cm | |
| 丛书名: | 外国文学名著丛书 | |
| 单 册: | ||
| 中图分类: | I775.44 | |
| 科图分类: | ||
| 主题词: | 长篇小说--哥伦比亚--近代 | |
| 电子资源: | ||
| ISBN: | ||
| 000 | 00794nam2 2200277 45 | |
| 001 | 1559504923 | |
| 005 | 20150127223236.39 | |
| 010 | @dCNY1.90 | |
| 091 | @aCN@b10019.3808 | |
| 100 | @a19901109d1985 em y0chiy0121 ea | |
| 101 | 1 | @achi@cspa |
| 102 | @aCN@b110000 | |
| 105 | @ay z 000ay | |
| 200 | 10 | @a玛丽亚@Ama li ya@f(哥伦比亚)伊萨克斯(Isaacs,J.)著@g朱景冬, 沈根发译 |
| 210 | @a北京@c人民文学出版社@d1985 | |
| 215 | @a315页@d20cm | |
| 225 | 2 | @a外国文学名著丛书 |
| 410 | 0 | @120010@a外国文学名著丛书 |
| 606 | @a长篇小说@y哥伦比亚@z近代 | |
| 690 | @aI775.44@v3 | |
| 701 | 1 | @a伊萨克斯@Ayi sa ke si@bJ.@4著 |
| 701 | A1 | @aIsaacs@bJ.@4著 |
| 702 | 0 | @a朱景冬@Azhu jing dong@4译 |
| 702 | 0 | @a沈根发@Ashen gen fa@4译 |
| 801 | 0 | @aCN@bTSSF@c20150127 |
| 905 | @aZUCC@dI775.44@eJY1 | |
| 玛丽亚/(哥伦比亚)伊萨克斯(Isaacs,J.)著/朱景冬, 沈根发译.-北京:人民文学出版社,1985 |
| 315页;20cm.-(外国文学名著丛书) |
| ISBN :CNY1.90 |
| ● |
| 相关链接 |
|
|
|
|
正题名:玛丽亚
索取号:I775.44/JY1
 
预约/预借
| 序号 | 登录号 | 条形码 | 馆藏地/架位号 | 状态 | 备注 |
| 1 | 7836734 | 278367349 | 学院路分馆/ [索取号:I775.44/JY1] | 在馆 | |
| 2 | 7836735 | 278367358 | 学院路分馆/ [索取号:I775.44/JY1] | 在馆 |